Loading...
| Fine Arts - Other | 1 | 2 | 0 | 1 | 35 | 46 | 108.00 | 2 | 3 | 0.00 | 0.00 |
| Fine Arts - Classical Music | 0 | 3 | 0 | 1 | 30 | 101 | 124.00 | 1 | 2 | 0.00 | 0.00 |
| Fine Arts - Painting and Sculpture | 0 | 2 | 0 | 2 | 20 | 154 | 158.00 | 0 | 2 | 0.00 | 0.00 |
| Literature - Poetry | 0 | 1 | 0 | 0 | 10 | 140 | 140.00 | 0 | 0 | 0.00 | 0.00 |
| Short Fiction and Other | 0 | 1 | 0 | 1 | 10 | 167 | 167.00 | 0 | 1 | 0.00 | 0.00 |
| Literature - Misc | 0 | 1 | 0 | 1 | 10 | 144 | 144.00 | 0 | 1 | 0.00 | 0.00 |
| Literature - Long Fiction | 0 | 1 | 1 | 0 | 5 | 147 | 147.00 | 0 | 1 | 0.00 | 0.00 |
| Literature - Drama | 0 | 0 | 0 | 0 | 0 | 0.00 | 0 | 0 | 0.00 | 0.00 | |
| Social Science | 0 | 0 | 0 | 0 | 0 | 0.00 | 0 | 0 | 0.00 | 0.00 |